000 00521nam a2200169Ia 4500
008 240729s9999 xx 000 0 und d
022 _a2278-4306
245 0 _aSouth Asian Journal of Cancer
260 _aIndia
260 _bThieme Medical and Scientific Publishers Pvt. Ltd.
650 _a Internal medicine
650 _a Neoplasms. Tumors. Oncology. Including cancer and carcinogens
650 _aMedicine
856 _uhttps://doaj.org/toc/7d8e795b8484487aa2e8fdb151fbc3be
942 _2ddc
942 _cDOAJEJ
999 _c71171
_d71171
945 _a1
_bMadushi Gamage
_c1
_dMadushi Gamage